000 00212nam a22000857a 4500
008 170306b xxu||||| |||| 00| 0 eng d
100 _93030
_aFlick.U.
245 _aQualitative Research
260 _aNew Delhi
_bSAGE
_c2010
999 _c6275
_d6275